000 00558nam a2200169 4500
001 145392
003 ES-MaACL
005 20230906201225.0
007 t|
008 070214s1948 ag r ||||1| spa d
100 1 _aSorokin, Pitirim A.
_9107417
245 1 3 _aLa crisis de nuestra era /
_cPitirim A. Sorokin ; traducción de Carmen Canalejas Masip.
260 _aBuenos Aires :
_bEspasa Calpe Argentina,
_c[1948] (
_fAmericalée)
300 _a259 p. :
_bil. ;
_c23 cm.
700 1 _aCanalejas Masip, Carmen.
_934385
852 _aES-MaACL
_jF-5214
_bR.26943
999 _c145392
_d145392